01349nam a2200169 a 4500008004100000020001500041041000800056100001800064245003000082250004200112260004100154300001100195500009400206505083900300655001501139700002501154200311s1983 a ||||gr|||| 000 0 spa d a9586020169 aspa1 aMurphy, Paul.3 aLa papisa /cPaul Murphy. a3a ed.bTraducción Adolfo Martín. aBuenos Aires:bPlaza & Janes;c1983. a367 p. aMurphy, P. y Arlington, R. R. (1983). La papisa. (3a ed.). Buenos Aires : Plaza & Janes.  aA los ochenta y siete años sigue siendo tal como la vi en su edad madura..., asombrosamente menuda y angélica, aunque también de una vitalidad sorprendente y apasionante. Ahora, igual que entonces, parece ser una generación posterior a la suya, una mujer con luminosos ojos de un gris azulado, y fresca tez de tinte ruboroso. -¡Deje de mirar y tome asiento, por Dios! - exclama, intentando su imagen de Madre Superiora. Pero esta severidad reviste apenas su vanidad y se pierde en una tierna sonrisa. Ella sabe que tú has hecho un largo viaje a Roma con una finalidad muy concreta, y pertenece lo suficiente a la vieja escuela -disciplinada y directa- para no desperdiciar el tiempo, ni el tuyo ni el suyo. -Quizá quiera usted conversar un rato, ¿verdad? pregunta Sor Pascualina tras un breve intercambio de cumplidos.  aLiteratura1 aArlington, R. René